| 000 | 00844nam a2200241Ia 4500 | ||
|---|---|---|---|
| 003 | OSt | ||
| 005 | 20240503104152.0 | ||
| 008 | 210716s2015 xx 000 0 und d | ||
| 020 | _a9781780746609 | ||
| 040 | _cAIMIT LIBRARY | ||
| 041 | _aeng | ||
| 082 |
_a374.22 _21 _bKAST |
||
| 100 |
_aKashdan, Todd. _9163002 |
||
| 245 |
_aPower of negative emotion : _bhow anger guilt and self doubt are essential to success and fulfillment / _cBy Todd Kashdan and Robert Biswas- Diener. |
||
| 250 | _a1st ed. | ||
| 260 |
_aEngland : _c2015. _bPenguin Group , |
||
| 300 |
_axv,284.p; _bPB _c19.7 cm |
||
| 650 |
_aThe false nose of happiness _9163003 |
||
| 650 |
_aThe rise of the comfortable class _9163004 |
||
| 650 |
_aBeyond the obsession with mindfulness _9163005 |
||
| 700 |
_aBiswas- Diener, Robert. _9163006 |
||
| 942 |
_2ddc _cBK _e1 _k374.22 KAST |
||
| 999 |
_c209567 _d209567 |
||